000
00303nam a22001337a 4500
008
190206b xxu||||| |||| 00| 0 eng d
020
_a
9780534129248
041
_a
eng
080
_a
510
100
_a
36
101
_a
MAT
245
_a
Mathematics A Practical Odyssey
_c
Johnson,D.B
942
_2
udc
_c
BK
999
_c
54092
_d
54092